000 00489nam a22001811a 4500
001 6034
003 OSt
005 20260204212038.0
008 060302s1990||||sp ||||||b||||||||||spa||
050 _a364.36 G193p
100 _aGarrido Genoves, Vicente
245 _aPedagogía de la delincuencia juvenil / Vicente Garrido Genoves
264 _aBarcelona : CEAC
300 _a157 p
490 _aColeciones educación y enseñanza
650 _a1.Delincuencia JuvenilÌ
942 _2ddc
_cBK
999 _c6034
_d6034